000 00751nam a2200241Ia 4500
003 OSt
005 20220927105225.0
006 a|||||r|||| 00| 0
007 ta
008 220926b |||||||| |||| 00| 0 eng d
024 _a188212
037 _cReference Collections
040 _aRTL
_cRTL
_beng
041 _2eng
_aeng
082 _a"W81.5.M5, L9/SC"
100 _aKAMENKA Engene
_9371160
245 0 _aIntellectual and revoluion
_b Socialism and the experience of 1848.
260 _aLondon
_bEdward Arnold
_c1979
300 _a"viii, 165p"
_ccm.
700 _a" SMITH F.B., Ed"
_9371161
942 _h"W81.5.M5, L9/SC"
_cCC
999 _c691392
_d691392